000 00943nam a22002657a 4500
999 _c2263
_d2263
003 AR-CdUCM
008 190304b ||||| |||| 00| 0 spa d
020 _a970-620-848-8
040 _aMUNICIPALIDAD PROVINCIAL DEL CUSCO
_cBIBLIOTECA MUNICIPAL DEL CUSCO
041 _heng.
082 _a301.09 /
_bC75
100 _aCollins, Randall
_98169
245 _aCuatro tradiciones sociológicas /
260 _aMexico :
_bUniversidad Autónoma Metropolitana,
_c1996
300 _a332 paginas ;
_c20 cm.
505 _aContenido :El ascenso de las ciencias sociales --La tradición del conflicto --La tradición racional/utilitarista --La tradición Durkheimiana ...
650 _aSociología
_9276
650 _aSiglo XX
_98
650 _aEscuelas
_98170
650 _aSistemas
_92854
700 _aÁngel Carlos Gonzales (traductor)
_98171
710 _aUniversidad Autónoma Metropolitana
_98172
942 _2ddc
_cLIBROS
945 _arjall